| 000 | 00524 a2200193 4500 | ||
|---|---|---|---|
| 005 | 20260407100414.0 | ||
| 008 | 260407b |||||||| |||| 00| 0 eng d | ||
| 020 |
_a9789390168408 _cRs. 690.00 |
||
| 040 | _aMAIN | ||
| 082 |
_a658.3125 _bU6H |
||
| 100 | _aUppal, Nishant | ||
| 245 | _aHuman resource analytics: Strategic decision making | ||
| 260 |
_bPearson India _aNoida _c2024 |
||
| 300 | _axv, 348 | ||
| 650 | _aManagement | ||
| 650 | _aHuman Resource Management | ||
| 650 | _aPersonnel Management | ||
| 942 | _cBK | ||
| 999 |
_c396941 _d396941 |
||